अपना-अपना अंतरंग : (Record no. 117322)

MARC details
000 -LEADER
fixed length control field 01498nam a22002777a 4500
005 - DATE AND TIME OF LATEST TRANSACTION
control field 20170124103054.0
010 ## - LIBRARY OF CONGRESS CONTROL NUMBER
LC control number B-180504
020 ## - INTERNATIONAL STANDARD BOOK NUMBER
Terms of availability 150.00
International Standard Book Number 81263738
035 ## - SYSTEM CONTROL NUMBER
System control number B-180504
037 ## - SOURCE OF ACQUISITION
Source of stock number/acquisition Cen Lib/Ret
040 ## - CATALOGING SOURCE
Original cataloging agency DPL
Language of cataloging HN
082 ## - DEWEY DECIMAL CLASSIFICATION NUMBER
Classification number
Item number जयकान्तन
100 ## - MAIN ENTRY--PERSONAL NAME
Personal name जयकान्तन
9 (RLIN) 71343
245 ## - TITLE STATEMENT
Title अपना-अपना अंतरंग :
Statement of responsibility, etc जयकान्तन ; अनुवादक बाल सुब्रमानियम [ एवं] शोर्रिराजन
Remainder of title तमिल कथाकार जयकान्तन की श्रेष्ठ कहानियाँ /
246 ## - VARYING FORM OF TITLE
Title proper/short title apna apna antrang : tamil kathakar jaykanatan ki shreshth kahaniyan
Remainder of title by Jaykantan ; anuvdak Balsubramaniyam [evam] Shourirajan
260 ## - PUBLICATION, DISTRIBUTION, ETC. (IMPRINT)
Place of publication, distribution, etc नई दिल्ली
Name of publisher, distributor, etc भारतीय ज्ञानपीठ प्रकाशन
Date of publication, distribution, etc 2005
270 ## - ADDRESS
Address 18, इंडस्ट्रियल एरिया लोधी रोड
City नई दिल्ली
Postal code 110003
300 ## - PHYSICAL DESCRIPTION
Extent 200पृष्ठ.
Dimensions 21सेमी(सजिल्द)
650 ## - SUBJECT ADDED ENTRY--TOPICAL TERM
Topical term or geographic name as entry element हिंदी साहित्य
9 (RLIN) 71344
650 ## - SUBJECT ADDED ENTRY--TOPICAL TERM
Topical term or geographic name as entry element हिंदी कहानी - तमिल
9 (RLIN) 43622
650 ## - SUBJECT ADDED ENTRY--TOPICAL TERM
Topical term or geographic name as entry element Hindi literature
9 (RLIN) 71345
650 ## - SUBJECT ADDED ENTRY--TOPICAL TERM
Topical term or geographic name as entry element Hindi story - Tamil
9 (RLIN) 71346
700 ## - ADDED ENTRY--PERSONAL NAME
Personal name बालसुब्रमानियम
9 (RLIN) 71347
700 ## - ADDED ENTRY--PERSONAL NAME
Personal name शौरिराजन
9 (RLIN) 71348
942 ## - ADDED ENTRY ELEMENTS (KOHA)
Source of classification or shelving scheme Dewey Decimal Classification
Koha item type Hindi Books
Classification part
Call number suffix जयकान्तन
Holdings
Withdrawn status Lost status Damaged status Not for loan Home library Current library Date acquired Source of acquisition Cost, normal purchase price Total Checkouts Full call number Barcode Date last seen Date checked out Copy number Cost, replacement price Price effective from Koha item type
        Central Library Central Library 27/08/2015 Cen Lib /Ret 150.00 1 क जयकान्तन B-180504 20/08/2018 06/08/2018 1 150.00 27/08/2015 Hindi Books

© Delhi Public Library
Hit Counter
free hit counter